000 00733nam a2200253Ia 4500
003 OSt
005 20220918175041.0
006 a|||||r|||| 00| 0
007 ta
008 220917b |||||||| |||| 00| 0 eng d
024 _a15,415
037 _cTextual
040 _aARTS
_cARTS
_beng
041 _2eng
_aeng
082 _aO111:gN, M8
100 _aTodorov Tzvetan
245 0 _aLiterature and its theorists
_b A personal view of twentieth century criticism tr by Catherine Porter
260 _aLondon
_bRoutledge & Kegan Paul
_c1988
300 _a203p.
_ccm.
500 _aIncludes index
650 _aENGLISH LITERATURE
942 _hO111:gN, M8
_cTEXL
_2CC
999 _c155819
_d155819